|
|
|
|
| LEADER |
01548nam a2200313 a 4500 |
| 001 |
13333787 |
| 008 |
090527s2005 njua 001 0 eng d |
| 999 |
|
|
|c 1138
|d 1138
|
| 010 |
|
|
|a 2003065000
|z 2003062132
|
| 020 |
|
|
|a 0471448575 (cloth : alk. paper)
|
| 020 |
|
|
|a 0471479527 (pbk. : alk. paper)
|
| 040 |
|
|
|a DLC
|c DLC
|d DLC
|
| 082 |
0 |
0 |
|a 657
|2 22
|
| 100 |
1 |
|
|a Weygandt, Jerry J.
|9 26530
|
| 245 |
1 |
0 |
|a Accounting principles /
|c Jerry J. Weygandt, Donald E. Kieso, Paul D. Kimmel.
|
| 250 |
|
|
|a 7th edition
|
| 260 |
|
|
|a Hoboken, NJ :
|b John Wiley,
|c c2005.
|
| 300 |
|
|
|a 1 v. (various pagings) :
|b color illustrations ;
|c 29 cm.
|
| 504 |
|
|
|a Includes indexes.
|
| 530 |
|
|
|a Supplement available electronically via the World Wide Web at www.wiley.com/college/weygandt
|
| 541 |
1 |
|
|e 00014664
|
| 650 |
|
0 |
|a Accounting.
|9 26531
|
| 700 |
1 |
|
|a Kieso, Donald E.
|9 26532
|
| 700 |
1 |
|
|a Kimmel, Paul D.
|9 26533
|
| 852 |
4 |
|
|a Ayesha Abed Library
|j General shelf
|
| 942 |
0 |
0 |
|0 4
|2 ddc
|c BK
|
| 952 |
|
|
|0 0
|1 0
|2 ddc
|4 0
|6 657_WEY_200500000000000
|7 0
|9 1027
|a BRACUL
|b BRACUL
|c GEN
|d 2009-06-24
|g 160.00
|l 55
|m 220
|o 657 WEY
|p 3010014664
|r 2025-05-24
|s 2025-05-18
|t 1
|v 320.00
|w 2009-06-24
|y BK
|
| 952 |
|
|
|0 0
|1 0
|2 ddc
|4 0
|6 657_WEY_200500000000000
|7 0
|9 14212
|a BRACUL
|b BRACUL
|c GEN
|d 2011-01-26
|l 39
|m 138
|o 657 WEY
|p 3010014670
|r 2025-03-23
|s 2025-03-18
|t 2
|w 2011-01-26
|y BK
|
| 952 |
|
|
|0 0
|1 0
|2 ddc
|4 1
|6 657_WEY_200500000000000
|7 0
|9 21921
|a BRACUL
|b BRACUL
|c SPS
|d 2013-02-09
|l 28
|m 135
|o 657 WEY
|p 3010014663
|r 2018-08-30
|s 2018-05-09
|t 3
|w 2013-02-09
|y BK
|x Photocopy Book. Declared as Damaged on December 10, 2023
|